|
|
|
|
| LEADER |
03091nam a22004215i 4500 |
| 001 |
978-3-211-72138-4 |
| 003 |
DE-He213 |
| 005 |
20150519174300.0 |
| 007 |
cr nn 008mamaa |
| 008 |
100301s2009 au | s |||| 0|eng d |
| 020 |
|
|
|a 9783211721384
|9 978-3-211-72138-4
|
| 024 |
7 |
|
|a 10.1007/978-3-211-72138-4
|2 doi
|
| 040 |
|
|
|d GrThAP
|
| 050 |
|
4 |
|a RD592.5-596
|
| 072 |
|
7 |
|a MNN
|2 bicssc
|
| 072 |
|
7 |
|a MED085010
|2 bisacsh
|
| 082 |
0 |
4 |
|a 617.48
|2 23
|
| 245 |
1 |
0 |
|a Cavernous Sinus
|h [electronic resource] :
|b Developments and Future Perspectives /
|c edited by Vinko V. Dolenc, Larry Rogers.
|
| 264 |
|
1 |
|a Vienna :
|b Springer Vienna,
|c 2009.
|
| 300 |
|
|
|a X, 227 p.
|b online resource.
|
| 336 |
|
|
|a text
|b txt
|2 rdacontent
|
| 337 |
|
|
|a computer
|b c
|2 rdamedia
|
| 338 |
|
|
|a online resource
|b cr
|2 rdacarrier
|
| 347 |
|
|
|a text file
|b PDF
|2 rda
|
| 505 |
0 |
|
|a Anatomy of the cavernous sinus -- The middle cranial base and cavernous sinus -- The transition between the cavernous sinus and orbit -- Venous anatomy of the lateral sellar compartment -- Central skull base anatomy as seen through the endoscope -- Surgical approaches to the central skull base -- Evolution from the classical pterional to the contemporary approach to the central skull base -- Extended endoscopic endonasal transsphenoidal approach to supra-parasellar tumors -- Neuromonitoring in central skull base surgery -- Neuromonitoring in central skull base surgery -- Surgical treatment of vascular lesions in the central skull base -- Surgical treatment of large/giant carotid-ophthalmic and other intradural internal carotid artery aneurysms -- Surgical treatment of basilar apex aneurysms — surgical approaches and techniques -- Aneurysms of the intracavernous ICA: Current treatment -- Surgical treatment of tumorous lesions in the central skull base -- Cavernous sinus meningiomas -- Surgery of cavernous sinus meningiomas: advantages and disadvantages -- Trigeminal neurinomas: surgical considerations -- Bypasses for cavernous sinus tumors: history, techniques, and current status -- Giant pituitary tumors: surgical treatment of 265 cases -- Radiosurgery in treatment of central skull base tumors -- The role of Gamma Knife surgery in the management of non-meningeal tumors of the cavernous sinus.
|
| 520 |
|
|
|a 20 years ago Professor Dolenc edited the first comprehensive and up-to-date text dealing with the cavernous sinus and addressing anyone concerned with the diagnosis and treatment of lesions of the skull base. Now, he has edited a new volume with articles by specialists in this topic presenting the state of the art in this technology.
|
| 650 |
|
0 |
|a Medicine.
|
| 650 |
|
0 |
|a Neurosurgery.
|
| 650 |
1 |
4 |
|a Medicine & Public Health.
|
| 650 |
2 |
4 |
|a Neurosurgery.
|
| 700 |
1 |
|
|a Dolenc, Vinko V.
|e editor.
|
| 700 |
1 |
|
|a Rogers, Larry.
|e editor.
|
| 710 |
2 |
|
|a SpringerLink (Online service)
|
| 773 |
0 |
|
|t Springer eBooks
|
| 776 |
0 |
8 |
|i Printed edition:
|z 9783211721377
|
| 856 |
4 |
0 |
|u http://dx.doi.org/10.1007/978-3-211-72138-4
|z Full Text via HEAL-Link
|
| 912 |
|
|
|a ZDB-2-SME
|
| 950 |
|
|
|a Medicine (Springer-11650)
|